Women in the labour market in changing economies : (Record no. 9427)

MARC details
000 -LEADER
fixed length control field 01949cam a22004574a 4500
001 - CONTROL NUMBER
control field 12983203
003 - CONTROL NUMBER IDENTIFIER
control field OSt
005 - DATE AND TIME OF LATEST TRANSACTION
control field 20260429163937.0
008 - FIXED-LENGTH DATA ELEMENTS--GENERAL INFORMATION
fixed length control field 021028s2003 enka b 001 0 eng
010 ## - LIBRARY OF CONGRESS CONTROL NUMBER
LC control number 2002192605
020 ## - INTERNATIONAL STANDARD BOOK NUMBER
International Standard Book Number 0199261121
020 ## - INTERNATIONAL STANDARD BOOK NUMBER
International Standard Book Number 9780199261123
035 ## - SYSTEM CONTROL NUMBER
System control number 12983203
040 ## - CATALOGING SOURCE
Original cataloging agency DLC
Transcribing agency DLC
Modifying agency DLC
042 ## - AUTHENTICATION CODE
Authentication code pcc
050 00 - LIBRARY OF CONGRESS CALL NUMBER
Classification number HD6053
Item number .W638534 2003
082 00 - DEWEY DECIMAL CLASSIFICATION NUMBER
Classification number 304.6 WOM
Edition number 21
245 00 - TITLE STATEMENT
Title Women in the labour market in changing economies :
Remainder of title demographic issues /
Statement of responsibility, etc. edited by Brígida García, Richard Anker, Antonella Pinnelli.
246 3# - VARYING FORM OF TITLE
Title proper/short title Women in the labor market in changing economies
260 ## - PUBLICATION, DISTRIBUTION, ETC. (IMPRINT)
Place of publication, distribution, etc. Oxford ;
-- New York :
Name of publisher, distributor, etc. Oxford University Press,
Date of publication, distribution, etc. 2003.
300 ## - PHYSICAL DESCRIPTION
Extent xiii, 341 p. :
Other physical details ill. ;
Dimensions 24 cm.
336 ## - CONTENT TYPE
Content type term text
Content type code txt
Source rdacontent
337 ## - MEDIA TYPE
Media type term unmediated
Media type code n
Source rdamedia
338 ## - CARRIER TYPE
Carrier type term volume
Carrier type code nc
Source rdacarrier
504 ## - BIBLIOGRAPHY, ETC. NOTE
Bibliography, etc Includes bibliographical references and index.
650 #0 - SUBJECT ADDED ENTRY--TOPICAL TERM
Topical term or geographic name as entry element Women
General subdivision Employment
Form subdivision Case studies.
650 #0 - SUBJECT ADDED ENTRY--TOPICAL TERM
Topical term or geographic name as entry element Labor market
Form subdivision Case studies.
650 #0 - SUBJECT ADDED ENTRY--TOPICAL TERM
Topical term or geographic name as entry element Population
General subdivision Economic aspects.
650 #0 - SUBJECT ADDED ENTRY--TOPICAL TERM
Topical term or geographic name as entry element Economic history
Chronological subdivision 21st century.
655 #7 - INDEX TERM--GENRE/FORM
Genre/form data or focus term Case studies.
Source of term lcgft
Authority record control number https://id.loc.gov/authorities/genreForms/gf2017026140
700 1# - ADDED ENTRY--PERSONAL NAME
Personal name García, Brígida.
700 1# - ADDED ENTRY--PERSONAL NAME
Personal name Anker, Richard,
Dates associated with a name 1943-
700 1# - ADDED ENTRY--PERSONAL NAME
Personal name Pinnelli, Antonella.
856 42 - ELECTRONIC LOCATION AND ACCESS
Materials specified Publisher description
Uniform Resource Identifier <a href="http://www.loc.gov/catdir/enhancements/fy0613/2002192605-d.html">http://www.loc.gov/catdir/enhancements/fy0613/2002192605-d.html</a>
856 41 - ELECTRONIC LOCATION AND ACCESS
Materials specified Table of contents only
Uniform Resource Identifier <a href="http://www.loc.gov/catdir/enhancements/fy0613/2002192605-t.html">http://www.loc.gov/catdir/enhancements/fy0613/2002192605-t.html</a>
856 42 - ELECTRONIC LOCATION AND ACCESS
Materials specified Contributor biographical information
Uniform Resource Identifier <a href="http://www.loc.gov/catdir/enhancements/fy0724/2002192605-b.html">http://www.loc.gov/catdir/enhancements/fy0724/2002192605-b.html</a>
906 ## - LOCAL DATA ELEMENT F, LDF (RLIN)
a 7
b cbc
c orignew
d 1
e ocip
f 20
g y-gencatlg
942 ## - ADDED ENTRY ELEMENTS (KOHA)
Source of classification or shelving scheme Dewey Decimal Classification
Koha item type BOOKS
Holdings
Withdrawn status Lost status Source of classification or shelving scheme Damaged status Not for loan Home library Current library Shelving location Date acquired Total Checkouts Full call number Barcode Date last seen Copy number Price effective from Koha item type
    Dewey Decimal Classification     Dodoma Dodoma Ground Floor 29/04/2026   304.6 WOM LIB002910 29/04/2026 5 29/04/2026 BOOKS
    Dewey Decimal Classification     Dodoma Dodoma Ground Floor 29/04/2026   304.6 WOM LIB002911 29/04/2026 4 29/04/2026 BOOKS
    Dewey Decimal Classification     Dodoma Dodoma Ground Floor 29/04/2026   304.6 WOM LIB002912 29/04/2026 3 29/04/2026 BOOKS

IRDP © 2021 :: Managed by ICT Team